000
00294nam a2200109 4500
999
_c
13601
_d
13601
008
190329b ||||| |||| 00| 0 eng d
245
_a
Holcim to tackle plastic pollution.
260
_a
Davao City
_b
Sun Star Davao
_c
c2018
300
_a
page 15.
650
0
_9
37924
_a
Pollution.
942
_2
ddc
_c
PER